| 000 | 00589cam a22002411 4500 | ||
|---|---|---|---|
| 001 | sa 65007598 | ||
| 003 | DLC | ||
| 005 | 20260227112149.0 | ||
| 008 | 940715s1962 ii b 000 0 pano | ||
| 010 | _asa 65007598 | ||
| 025 | _aPL480:I-Pu-152 | ||
| 035 | _a(OCoLC)30774089 | ||
| 040 |
_aDLC _cCU _dCU _dDLC |
||
| 042 | _apremarc | ||
| 050 | 0 | 0 |
_aLB1025 _b.S563 |
| 100 | 1 |
_aShukla, Lalji Ram, _d1904- |
|
| 245 | 1 | 0 | _aSikhiā de sidhānta. |
| 260 | _c[1962?] | ||
| 300 |
_a237 p. _c22 cm. |
||
| 500 | _aIn Panjabi. | ||
| 504 | _aBibliographical footnotes. | ||
| 650 | 0 | _aTeaching. | |
| 999 |
_c65235 _d65235 |
||